000 004910000a22002170004500
005 20120302055053.0
942 _cBOOK
100 _a Joshi,La.Ma.
245 _a Samagra Sri Datta Darshan
260 _aMumbai:Sri Gajaanan,1981.
300 _a284p.
040 _aMAR
365 _b27/-
650 _aDharma
650 _aVedanta
650 _aDattavataar
650 _aSaampradaayika Tatvadnyan
650 _aAachaardharma
650 _aDattakshetre
650 _aMantra-Yantra
999 _c347398
_d347395